Click the Zodiac Symbol Quiz Stats

 Plays Quiz Updated May 19, 2016

Challenge
Share
Tweet
Score 0/12 Timer 03:00
0 Plays Today
% Correct
Taurus
82.5%
Aquarius
81.4%
Aries
66.2%
Sagittarius
56.4%
Cancer
56%
Scorpio
54.2%
Libra
53.5%
Leo
52.9%
Gemini
44.2%
Virgo
41%
Capricorn
39.5%
Pisces
32.1%

You're not logged in!

Compare scores with friends on all Sporcle quizzes.
OR
Log In

You Might Also Like...

Show Comments

Extras

Top Quizzes Today


Score Distribution

Your Account Isn't Verified!

In order to create a playlist on Sporcle, you need to verify the email address you used during registration. Go to your Sporcle Settings to finish the process.

Report this User

Report this user for behavior that violates our Community Guidelines.

Details: